000 00572nam a2200205 a 4500
001 1254
005 20140414131924.0
008 041122s19uu xx 00 eng d
020 _a1-85830-016-9
050 _aER
_bT71 1997
100 _aJohnston, Beryl
245 _aTreasure island /
_cstory re-told by Beryl Johnston ; illustrated by Jenny Press.
260 _aLondon :
_bGrandreams,
_c1997.
300 _a1 v. p. : ill. ; cm.
440 _aA Classic Tale Storybook.
650 _aAdventures
_xFiction.
999 _c111925
_d111925